Jose Mourinho's Manchester United - Statistics

General Stats
  • This quiz has been taken 52 times
  • The average score is 30 of 40
Answer Stats
Rank Player Position Nationality Matches Goals Assists % Correct
2 David de Gea Goalkeeper 113 0 0
98%
3 Paul Pogba Central Midfield 108 20 22
98%
1 Marcus Rashford Left Winger 125 28 20
96%
5 Anthony Martial Centre-Forward 106 27 18
94%
9 Antonio Valencia Right-Back 89 4 7
94%
8 Juan Mata Attacking Midfield 100 17 15
94%
10 Marouane Fellaini Central Midfield 89 11 5
91%
12 Romelu Lukaku Centre-Forward 73 33 10
91%
22 Victor Lindelöf Centre-Back 45 0 0
91%
20 Zlatan Ibrahimović Centre-Forward 53 29 11
91%
27 Alexis Sánchez Centre-Forward 30 4 7
89%
6 Ander Herrera Central Midfield 101 5 14
87%
4 Jesse Lingard Attacking Midfield 107 20 11
87%
19 Luke Shaw Left-Back 55 1 2
87%
13 Nemanja Matic Defensive Midfield 69 2 3
87%
11 Ashley Young Right-Back 77 3 10
85%
18 Daley Blind Centre-Back 56 2 4
85%
14 Eric Bailly Centre-Back 66 1 0
85%
17 Marcos Rojo Centre-Back 56 1 2
85%
21 Matteo Darmian Right-Back 50 0 3
85%
16 Phil Jones Centre-Back 57 0 0
85%
7 Chris Smalling Centre-Back 100 7 2
83%
15 Henrikh Mkhitaryan Central Midfield 63 13 11
83%
25 Scott McTominay Central Midfield 31 0 0
83%
28 Fred Central Midfield 12 1 0
81%
26 Sergio Romero Goalkeeper 30 0 0
81%
33 Diogo Dalot Right-Back 6 0 1
79%
35 Bastian Schweinsteiger Central Midfield 4 1 1
70%
23 Michael Carrick Defensive Midfield 43 1 1
70%
24 Wayne Rooney Centre-Forward 39 8 10
68%
32 Memphis Depay Centre-Forward 8 0 0
64%
34 Andreas Pereira Attacking Midfield 6 0 0
60%
31 Morgan Schneiderlin Defensive Midfield 8 0 0
60%
36 Joel Pereira Goalkeeper 3 0 0
57%
30 Axel Tuanzebe Right-Back 8 0 0
55%
29 Timothy Fosu-Mensah Right-Back 11 0 0
49%
37 Angel Gomes Attacking Midfield 2 0 0
23%
40 Lee Grant Goalkeeper 1 0 0
21%
38 Josh Harrop Attacking Midfield 1 1 0
11%
39 Demetri Mitchell Attacking Midfield 1 0 0
6%
No matching quizzes found
Score Distribution
Percent of People with Each Score
Percentile by Number Answered
Your Score History
You have not taken this quiz